000 00469nam a22001817a 4500
005 20250714100726.0
008 250714b |||||||| |||| 00| 0 eng d
020 _a978-1-133-30903-1
100 _aBENJAMIN THOMAS
245 _aMUSIC FOR SIGHT SINGING
250 _a6TH ED.
260 _aNEW YORK
_bCENGAGE
_c2013
300 _aXVI,353P.
500 _aINCLUDES AN INDEX
650 _aSIGHT SINGING
700 _aMICHAEL HORVIT, ROBERT NELSON
942 _2lcc
_cBK
999 _c215892
_d215892